Normal view
MARC view
Entry Topical Term
001 - CONTROL NUMBER
- control field: 230876
003 - CONTROL NUMBER IDENTIFIER
- control field: OSt
005 - DATE AND TIME OF LATEST TRANSACTION
- control field: 20220925164630.0
008 - FIXED-LENGTH DATA ELEMENTS
- fixed length control field: 220925|| aca||aabn | a|a d
040 ## - CATALOGING SOURCE
- Original cataloging agency: OSt
- Transcribing agency: OSt
150 ## - HEADING--TOPICAL TERM
- Topical term or geographic name entry element: Economics Development
670 ## - SOURCE DATA FOUND
- Source citation: Work cat.: (OSt)475590: Choi Kwang 230875, The ories of comparative economic growth, 1983
